logo

Bir Sreshtho Munshi Abdur Rouf Library
Jhenaidah Cadet College

Writing solid code : (Record no. 14166)

MARC details
000 -LEADER
fixed length control field 00733nam a2200229 a 4500
001 - CONTROL NUMBER
JCCL Control Number 14166
003 - CONTROL NUMBER IDENTIFIER
JCCL marc code BD-JhCC
005 - DATE AND TIME OF LATEST TRANSACTION
control field 20250205121713.0
008 - FIXED-LENGTH DATA ELEMENTS--GENERAL INFORMATION
fixed length control field 250204b1993 waua|||| ||a| 001 0 eng d
020 ## - INTERNATIONAL STANDARD BOOK NUMBER
International Standard Book Number 1556155514
035 ## - SYSTEM CONTROL NUMBER
system control number (BD-JhCC)14166
040 ## - CATALOGING SOURCE
Original cataloging agency BD-JhCC
Modifying agency BD-JhCC
041 ## - LANGUAGE CODE
Language code of Book English
082 ## - DEWEY DECIMAL CLASSIFICATION NUMBER
Classification number 005.133
Author mark and Year MAG 1993
100 ## - MAIN ENTRY--PERSONAL NAME
Personal name Maguire,Steve
245 ## - TITLE STATEMENT
Title Writing solid code :
Remainder of title Microsoft's techniques for developing bug-free C programs /
Statement of responsibility, etc Steve Maguire.
260 ## - PUBLICATION, DISTRIBUTION, ETC. (IMPRINT)
Place of publication, distribution, etc Washington:
Name of publisher, distributor, etc Microsoft Press;
Date of publication, distribution, etc 1993.
300 ## - PHYSICAL DESCRIPTION
Pagination xxix, 256 p. :
Other physical details ill;
Dimensions 24 cm.
651 ## - SUBJECT ADDED ENTRY--GEOGRAPHIC NAME
Geographic name C (Computer program language)
Form subdivision C (Langage de programmation)
General subdivision C (programmeertaal)
Geographic subdivision Computer programming
942 ## - ADDED ENTRY ELEMENTS (KOHA)
Source of classification or shelving scheme Dewey Decimal Classification
Koha item type Books
Holdings
Source of classification or shelving scheme Damaged status Not for loan Home library Current library Shelving location Date of accession Source of acquisition Cost, normal purchase price Total Checkouts Full call number Barcode Date last seen Copy number Method of acquisition Koha item type Currency
Dewey Decimal Classification     JCC Rouf Library JCC Rouf Library General Stacks   With the compliments of Shahriar Imtiaz Rahman,27/1483/K 306.00   005.133 MAG 1993 19863 02/05/2025 C-1 Gift/Donation Books BDT

JCC Library | Contacts | JCC Home

Last Update on 23 September 2017
Copyright @ 2017-2020 JCC Rouf Library
Rouf Library, Jhenidah Cadet College (JCC), Bangladesh